| 000 | 00349nam a22001217a 4500 | ||
|---|---|---|---|
| 008 | 180606b xxu||||| |||| 00| 0 eng d | ||
| 041 | _aeng | ||
| 080 | _a043.3 | ||
| 100 | _a0 | ||
| 101 | _aMBE-BTH | ||
| 245 |
_aRoli i kulturës në ndërmarrësi: Analizë e rastit të Kosovës përmes indeksit kulturor të Hofstede _cBerisha,A |
||
| 942 |
_2udc _cBK |
||
| 999 |
_c46490 _d46490 |
||